00358nmm a2200121 a 4500003000900000005001700009008004100026040001300067100002400080245006200104260006000166300001000226AR-BaBNM20251128202905.0174019s1981 ||||||||||||||000 | spa|| cAR-BaBNM1 aChiesi, Bernardo A.10aLa manifestación del Animus en "A la sombra del Búho" aBuenos AiresbCentro de Estudios Latinoamericanosc1981 a21 p.